| 000 | 00538nam a22001817a 4500 | ||
|---|---|---|---|
| 003 | OSt | ||
| 005 | 20260319072153.0 | ||
| 008 | 260319b |||||||| |||| 00| 0 eng d | ||
| 040 |
_bEng _cKMU _eRDA |
||
| 050 |
_aBF637.S8 _bM85. 2026 |
||
| 100 | _aMukupa, Nancy Lwimba | ||
| 245 |
_aUNI Life 101: _bTips from Students for Students/ _cNancy Lwimba Mukupa |
||
| 260 |
_aLusaka: _bSotrane, _c2026. |
||
| 300 |
_avii, 61 pages.: _bpictures; _c20 cm. |
||
| 650 | _aSelf-management | ||
| 650 | _aSuccess—Psychological aspects | ||
| 942 |
_2lcc _cBK _n0 |
||
| 999 |
_c2607 _d2607 |
||